| 000 | 00941nam a2200253 i 4500 | ||
|---|---|---|---|
| 001 | 190027 | ||
| 003 | SpMaBN | ||
| 005 | 20250712063134.0 | ||
| 008 | 200306s2010 sp af |||| | spa d | ||
| 020 | _a978-84-233-4248-8 | ||
| 080 | _a612.82 | ||
| 100 | 1 |
_aPunset, Eduardo, _d1936-2019 _9241271 |
|
| 245 | 1 | 3 |
_aEl viaje al poder de la mente _b: los enigmas más fascinantes de nuestro cerebro y del mundo de las emociones / _cEduardo Punset. |
| 250 | _a1ª ed., 13ª imp. | ||
| 260 |
_aBarcelona : _bDestino, _c2010. |
||
| 300 |
_a364 p., [16] p. de lám. col. y n. : _bil. ; _c25 cm. |
||
| 490 | 1 |
_aImago mundi ; _v175 |
|
| 650 | 7 |
_aNeuropsicología. _915532 |
|
| 830 | 0 | 0 |
_aImago mundi (Barcelona) ; _v175 _9236939 |
| 852 |
_aES-MaACL _jA-14559 _9197178 _bR.152082 _cDEPO1 _dOlim: N-7559 _hDonación: José Lázaro |
||
| 903 |
_9234219 _aLázaro García, José _ednr |
||
| 942 |
_2udc _cMONOGRAFIA |
||
| 999 |
_c190027 _d190027 |
||